000 00278pab a2200121 454500
008 180718b xxu||||| |||| 00| 0 eng d
100 _aMehta, Balraj
245 _aThe challenge of drought
650 _a Drought
650 _aDisasters
773 _aIndian Express
909 _a22578
999 _c22578
_d22578